| 000 | 00692nam a2200253 a 4500 | ||
|---|---|---|---|
| 001 | nice12345678 | ||
| 003 | IN_TiNIC | ||
| 005 | 20260116013528.0 | ||
| 008 | 050524s1997 cuma grp 000 0 eng | ||
| 020 |
_a _c599.4 |
||
| 082 | 0 | 0 |
_a222.11 _bALE |
| 100 | _aAlexander, T Desmond | ||
| 245 |
_aAbraham in the Negev _b Source-Critical Investigation of Genesis 20: 1-22: 19 |
||
| 260 |
_aCumbria _bPaternoster Press _c1997 |
||
| 300 | _a172p | ||
| 500 | _aincludes index and biblioraphy | ||
| 505 | 2 | _aIndex | |
| 650 | _aBible O.T. Genesis | ||
| 650 | _aBible O.T. Criticism & Interpretati | ||
| 700 | 1 | _aAlexander, T Desmond | |
| 902 | _bSRS | ||
| 942 | _cBK | ||
| 999 |
_c11341 _d11341 |
||